| 000 | 01135nam a22002657a 4500 | ||
|---|---|---|---|
| 005 | 20170123164149.0 | ||
| 010 | _aB-133488 | ||
| 020 |
_c125.00 _a8123745265 |
||
| 035 | _aB-133488 | ||
| 037 | _bCen Lib / Ret | ||
| 040 |
_aDPL _bPN |
||
| 082 |
_a851 _bਸਿੰਗਲ |
||
| 100 |
_aਸਿੰਗਲ, ਧਰਮਪਾਲ _9125071 |
||
| 245 |
_aਚੋਣਵਾਂ ਪੰਜਾਬੀ ਸੂਫੀ ਕਲਾਮ / _cਧਰਮਪਾਲ ਸਿੰਗਲ, ਬਲਦੇਵ ਸਿੰਘ ਬਦਨ |
||
| 246 |
_aChonwan Panjabi Sufi Kalam _bby Dharmpal Singal ; Baldev Singh Badan |
||
| 260 |
_aਦਿੱਲੀ _bਨੈਸ਼ਨਲ਼ ਬੂਕ ਟਰੱਸਟ ਇੰਡੀਆ _c2005 |
||
| 270 |
_aਏ-5, ਗ੍ਰੀਨ ਪਾਰਕ, ਨਵੀ _bਦਿੱਲੀ |
||
| 300 |
_a480p. _c22cm(Hb) |
||
| 650 |
_aਪੰਜਾਬੀ - ਕਵਿਤਾਵਾਂ _9125072 |
||
| 650 |
_aਸਾਹਿਤ -- ਪੰਜਾਬੀ _9125073 |
||
| 650 |
_aLiterature -- Punjabi _9125074 |
||
| 650 |
_aPunjabi Poetry _9125075 |
||
| 700 |
_aਬਦਨ, ਬਲਦੇਵ ਸਿੰਘ _95807 |
||
| 942 |
_2ddc _cPN _h851 _mਸਿੰਗਲ |
||
| 999 |
_c110230 _d110230 |
||